| 000 | 02162cam a22004454i 4500 | ||
|---|---|---|---|
| 003 | PE-LiUPU | ||
| 005 | 20250731173255.0 | ||
| 008 | 150625s r 000 0 d | ||
| 020 | _a0825417546 | ||
| 035 | _a(Sirsi) i9780825417542 | ||
| 040 |
_aPE-LiUPU _bspa _cPE-LiUPU _erda |
||
| 049 | _aPRUA | ||
| 082 | 0 | 4 |
_a225.077 _bT95 _221 |
| 100 | 1 |
_aTurner, Donald D., _eautor. |
|
| 245 | 1 | 0 |
_aIntroducción al Nuevo Testamento / _cDonald D. Turner. |
| 264 | 1 |
_aGrand Rapids, MI : _bPorta Voz, _c1998. |
|
| 300 |
_a261 páginas ; _c23 centímetros |
||
| 336 |
_atext _2rdacontent |
||
| 337 |
_aunmediated _2rdamedia |
||
| 338 |
_avolume _2rdacarrier |
||
| 505 | 0 | _aEl tema del Nuevo Testamento.- El por qué del Nuevo Testamento. - Introducción a los Evangelios según Mateo. -El evangelio según Mateo. - El Evangelio según Marcos. - El Evangelio según Lucas.-el evangelio según Juan. - Hechos de los apóstoles. - La epístola de Pablo a los Romanos. -La Primera Epístola de Pablo a los Corintios. - La segunda epístola de Pablo a los Corintios. -La Epístola de Pablo a los Gálatas. - La espístola de Pablo a los Efisos. - La epístola de Pablo a los Filepenses. - La Epístola de Pablo a los Colosenses. - Las epístola de Pablo a los Tesalonicenses. -Las epístolas de Pablo a Timoteo, Tito y Filemón. - La Epístola a los Hebreos. - La epístolas de Juan y la de Judas. - El Apocalipsis. | |
| 526 | _aSEG42 | ||
| 526 | _aSEG41 | ||
| 526 | _aSEG40 | ||
| 526 | _aSEG39 | ||
| 526 | _aP94 | ||
| 526 | _aP87 | ||
| 526 | _aP86 | ||
| 526 | _aP85 | ||
| 526 | _aP77 | ||
| 526 | _aP76 | ||
| 526 | _aP35 | ||
| 541 | _g0001403; | ||
| 630 |
_aBiblia. _pN.T. _xComentarios. |
||
| 942 |
_2ddc _cBOOK |
||
| 949 |
_a225.077 T95 _wDEWEY _c1 _i55075 _lCCODEBUL1 _mBUL _p13.00 _r0 _sY _tBOOK _u2015-6-25 _xTEOLOGIA _zUNKNOWN _0COMPRA _o.STAFF. Colección General |
||
| 994 |
_aC0 _bPEPRU |
||
| 596 | _a1 | ||
| 999 |
_a225.077 T95 _wDEWEY _c43691 _i55075 _d43691 _e2022-7-12 _f2021-11-11 _g5 _lCCODEBUL1 _mBUL _n3 _p13.00 _q6 _r0 _sY _tBOOK _u2015-6-25 _xTEOLOGIA _zUNKNOWN _0COMPRA _o.STAFF. Colección General |
||
| 980 |
_81 _gALBERTO SANCHEZ Responsable de Automatización |
||